| 000 | 00855 am a22002775a 4500 | ||
|---|---|---|---|
| 001 | 016088415 | ||
| 003 | OSt | ||
| 005 | 20170426144835.0 | ||
| 008 | 120423t2013 njua frbd 001 0 eng d | ||
| 020 | _a9780133041705 | ||
| 020 | _a0133041700 | ||
| 040 |
_aUkOxU _beng _cUkOxU _dUkOxU _dUk _dEG-ScBUE |
||
| 082 | 0 | 4 |
_222 _a338.5 _bPIN |
| 100 | 1 |
_aPindyck, Robert S. _99066 |
|
| 245 | 1 | 0 |
_aMicroeconomics / _cRobert S. Pindyck, Daniel L. Rubinfeld. |
| 250 | _a8th ed., International ed. | ||
| 260 |
_aUpper Saddle River : _bPearson Education, _cc.2013. |
||
| 300 |
_axxiv, 743 p. : _bill. ; _c26 cm. |
||
| 500 | _aGlossary : p. 708-717. | ||
| 504 | _aIncludes bibliographical references and index. | ||
| 650 | 7 |
_aMicroeconomics. _2BUEsh _95599 |
|
| 651 | _2BUEsh | ||
| 653 |
_bLLAAWW _cApril2017 |
||
| 700 | 1 |
_aRubinfeld, Daniel L. _99068 |
|
| 942 | _2ddc | ||
| 999 |
_c24716 _d24688 |
||